The Norton introduction to fiction / (Record no. 149)
[ view plain ]
| 000 -LEADER | |
|---|---|
| fixed length control field | 00832cam a22002895i 4500 |
| 003 - CONTROL NUMBER IDENTIFIER | |
| control field | EG-ScBUE |
| 005 - DATE AND TIME OF LATEST TRANSACTION | |
| control field | 20200106161712.0 |
| 008 - FIXED-LENGTH DATA ELEMENTS--GENERAL INFORMATION | |
| fixed length control field | 190729t19961996nyu f 001 0 eng d |
| 020 ## - INTERNATIONAL STANDARD BOOK NUMBER | |
| International Standard Book Number | 0393968219 (pbk.) |
| 020 ## - INTERNATIONAL STANDARD BOOK NUMBER | |
| International Standard Book Number | 9780393968217 |
| 040 ## - CATALOGING SOURCE | |
| Original cataloging agency | EG-ScBUE |
| Language of cataloging | eng |
| Description conventions | rda |
| Transcribing agency | EG-ScBUE |
| Modifying agency | EG-ScBUE |
| 082 04 - DEWEY DECIMAL CLASSIFICATION NUMBER | |
| Classification number | 808.3 |
| Item number | BEA |
| Edition number | 22 |
| 100 1# - MAIN ENTRY--PERSONAL NAME | |
| Personal name | Beaty, Jerome, |
| Relator term | author. |
| 245 04 - TITLE STATEMENT | |
| Title | The Norton introduction to fiction / |
| Statement of responsibility, etc | Jerome Beaty. |
| 250 ## - EDITION STATEMENT | |
| Edition statement | Sixth edition. |
| 264 #1 - PUBLICATION, DISTRIBUTION, ETC. (IMPRINT) | |
| Place of publication, distribution, etc | New York : |
| Name of publisher, distributor, etc | W. W. Norton, |
| Date of publication, distribution, etc | [1996] |
| 264 #4 - PUBLICATION, DISTRIBUTION, ETC. (IMPRINT) | |
| Date of publication, distribution, etc | c1996 |
| 300 ## - PHYSICAL DESCRIPTION | |
| Extent | xvii, 809 pages ; |
| Dimensions | 24 cm |
| 336 ## - CONTENT TYPE | |
| Content type term | text |
| Content type code | txt |
| Source | rdacontent |
| 337 ## - MEDIA TYPE | |
| Media type term | unmediated |
| Media type code | n |
| Source | rdamedia |
| 338 ## - CARRIER TYPE | |
| Carrier type term | volume |
| Carrier type code | nc |
| Source | rdacarrier |
| 590 ## - LOCAL NOTE (RLIN) | |
| Local note | mahmoud sami |
| 650 #7 - SUBJECT ADDED ENTRY--TOPICAL TERM | |
| Topical term or geographic name as entry element | Literature |
| General subdivision | Collections. |
| Source of heading or term | BUEsh |
| 651 ## - SUBJECT ADDED ENTRY--GEOGRAPHIC NAME | |
| Source of heading or term | BUEsh |
| 653 ## - INDEX TERM--UNCONTROLLED | |
| Resource For college | Humanities: English |
| 942 ## - ADDED ENTRY ELEMENTS (KOHA) | |
| Koha item type | Book - Borrowing |
| Source of classification or shelving scheme | Dewey Decimal Classification |
| Withdrawn status | Lost status | Damaged status | Not for loan | Home library | Current library | Shelving location | Date acquired | Source of acquisition | Total Checkouts | Full call number | Barcode | Date last seen | Cost, replacement price | Price effective from | Koha item type | Total Renewals | Date checked out |
|---|---|---|---|---|---|---|---|---|---|---|---|---|---|---|---|---|---|
| Central Library | Central Library | Second Floor | 05/02/2006 | Purchase | 11 | 808.3 BEA | 000004596 | 15/07/2025 | 430.00 | 05/02/2006 | Book - Borrowing | ||||||
| Central Library | Central Library | Second Floor | 05/02/2006 | Purchase | 3 | 808.3 BEA | 000004594 | 15/07/2025 | 430.00 | 05/02/2006 | Book - Borrowing | 2 | 18/04/2016 | ||||
| Central Library | Central Library | Second Floor | 05/02/2006 | Purchase | 11 | 808.3 BEA | 000004593 | 15/07/2025 | 430.00 | 05/02/2006 | Book - Borrowing | 27/11/2017 | |||||
| Central Library | Central Library | Second Floor | 06/02/2016 | Purchase | 808.3 BEA | 000004467 | 15/07/2025 | 430.00 | 16/02/2006 | NB - Book (Non borrowing) | |||||||
| Central Library | Central Library | Second Floor | 06/03/2015 | Purchase | 6 | 808.3 BEA | 000004305 | 15/07/2025 | 430.00 | 15/03/2006 | Book - Borrowing |